📖 150 premiers mots "Complètement cramé!" Legardinier - Statistiques

Statistiques générales
  • Ce quiz a Ă©tĂ© pris 21 fois
  • Le rĂ©sultat moyen est 93 sur 150
Statistiques - réponses
Mots % Correct
A
100%
- C'
100%
Cole
100%
d'
100%
t-
100%
Au
94%
au
94%
Blake ?
94%
ce
94%
de
94%
Il
94%
il.
94%
il
94%
J'
94%
- Je
94%
je
94%
l'
94%
L'
94%
la
94%
le
94%
M.
94%
ne
94%
Porter.
94%
s'
94%
sa
94%
Savoy,
94%
se
94%
du
88%
en
88%
est
88%
et
88%
par
88%
pas
88%
pas.
88%
pour
88%
qu'
88%
que
88%
qui
88%
tout
88%
des
81%
fais
81%
homme
81%
les
81%
peu
81%
peux
81%
son
81%
un
81%
une
81%
dans
75%
faisait
75%
mais
75%
âge
69%
certain
69%
espère
69%
hĂ´tel
69%
moi
69%
plus
69%
cent
63%
"Etre
63%
grand
63%
lui
63%
nuit,
63%
arrivé
56%
demanda-
56%
froid.
56%
rien
56%
grave...
50%
joindre,
50%
nouvelles
50%
répond
50%
sous
50%
- Toujours
50%
porte
44%
Après
38%
devant
38%
encore
38%
Londres,
38%
salon
38%
coeur
31%
hall
31%
jouait
31%
téléphone
31%
téléphone.
31%
très
31%
ami.
25%
soirée
25%
vĂŞtu
25%
orchestre
19%
pensa
19%
portable.
19%
seule
19%
consultant
13%
déroulait
13%
Laissez-
13%
message ...
13%
pourtant
13%
serait
13%
smoking
13%
vieil
13%
approcha,
6%
composa
6%
cuivres
6%
excuse
6%
minute.
6%
numéro
6%
sortit
6%
valable !"
6%
domicile
0%
échapper
0%
ennuyeux.
0%
fébrillement
0%
laissant
0%
mourant
0%
organisateur
0%
peine
0%
reparti,
0%
tambour
0%
verrière,
0%
Aucun quiz correspondant
Distribution des résultats
% des personnes avec chaque résultat
Percentile par nombre de réponses
Votre historique - résultats
Vous n’avez pas pris ce quiz